Development prospects of Pakistan (Record no. 513788)

MARC details
000 -LEADER
fixed length control field 00751nam a2200241Ia 4500
003 - CONTROL NUMBER IDENTIFIER
control field OSt
005 - DATE AND TIME OF LATEST TRANSACTION
control field 20220925190227.0
008 - FIXED-LENGTH DATA ELEMENTS--GENERAL INFORMATION
fixed length control field 220923b |||||||| |||| 00| 0 eng d
037 ## - SOURCE OF ACQUISITION
Terms of availability General Book
040 ## - CATALOGING SOURCE
Original cataloging agency RTL
Transcribing agency RTL
Language of cataloging eng
041 ## - LANGUAGE CODE
Source of code eng
Language code of text/sound track or separate title eng
100 ## - MAIN ENTRY--PERSONAL NAME
Personal name Norbye Ole David Koht
9 (RLIN) 237780
245 #0 - TITLE STATEMENT
Title Development prospects of Pakistan
260 ## - PUBLICATION, DISTRIBUTION, ETC.
Place of publication, distribution, etc. Bergen
Name of publisher, distributor, etc. Universitetsforlaget
Date of publication, distribution, etc. 1968
300 ## - PHYSICAL DESCRIPTION
Extent 336p. Bibliography p.332-36; Appendix p.285-307
Dimensions cm.
490 ## - SERIES STATEMENT
Series statement Scandinavian University Books
650 ## - SUBJECT ADDED ENTRY--TOPICAL TERM
Topical term or geographic name entry element Economic Development
9 (RLIN) 17300
942 ## - ADDED ENTRY ELEMENTS (KOHA)
Classification part X:77.44Q7.N6, K8
Koha item type General Books
Source of classification or shelving scheme Colon Classification (CC)

No items available.

Copyright @ Delhi University Library System